Statistiques concernant Brawlers - Brawl Stars

Cliquez ici pour prendre le quiz!

Statistiques générales

  • Ce quiz a été pris 3 653 fois
  • Le résultat moyen est 44 sur 78

Statistiques - réponses

Rareté
Brawler% Correct
Premier BrawlerShelly
98%
RareColt
89%
LégendaireLeon
89%
LégendaireCorbac
87%
RareEl Costo
86%
LégendaireSpike
85%
RareBartaba
80%
RareBull
80%
RarePoco
79%
RareRosa
79%
MythiqueMortis
76%
RareNita
76%
EpiquePolly
76%
LégendaireSurge
74%
EpiqueEdgar
73%
RareBrock
72%
Super rareDynamike
72%
EpiqueFrank
70%
Super rareJessie
69%
LégendaireAmbre
68%
Super rarePenny
68%
Super rareRicochet
68%
EpiqueBo
67%
Super rareDarryl
65%
LégendaireKit
65%
LégendaireEmeri
64%
Super rareTick
63%
LégendaireMeg
62%
MythiqueTara
62%
LégendaireCordelius
60%
EpiquePam
60%
EpiqueBillie
59%
MythiqueBuzz
59%
EpiqueEliza
57%
EpiqueGael
57%
Super rareJacky
57%
LégendaireChester
56%
EpiqueAngelo
55%
Super rareARKAD
55%
Super rareCarl
55%
Mythique
Melodie
53%
EpiqueBea
52%
MythiqueD'jinn
51%
MythiqueFang
51%
MythiqueMax
50%
EpiqueStu
50%
EpiqueColette
48%
EpiqueHank
48%
Super rareGus
47%
EpiqueMandy
47%
MythiqueMico
46%
EpiqueNani
46%
EpiqueBelle
45%
EpiqueGrom
43%
MythiqueLou
43%
EpiqueMaisie
43%
MythiqueWally
43%
MythiqueDoug
42%
EpiqueSam
41%
MythiqueByron
40%
MythiqueMonsieur M
40%
MythiqueCharlie
39%
MythiqueChuck
38%
MythiqueMedor
38%
EpiqueAsh
37%
MythiqueJanet
37%
EpiqueLola
37%
EpiquePearl
37%
MythiqueSqueak
37%
MythiqueWillow
37%
EpiqueBonnie
36%
EpiqueGriff
36%
EpiqueLarry & Lawrie
36%
MythiqueBuster
34%
MythiqueEve
34%
MythiqueGray
34%
MythiqueR-T
33%
MythiqueOtis
32%

Distribution des résultats

Percentile par nombre de réponses

% des personnes avec chaque résultat

Votre développement - résultats

Vous n’avez pas pris ce quiz